00956nam a2200193 a 450000100100000000500170001000800410002704000250006808200230009310000550011624502030017126000370037430000200041159000260043161000620045765000440051995201820056399900170074500003327620200930070138.0110823s19uu dr r 000 0 spa d aDO-SdBNPbspacBNPHU a255.0097293bC212c1 aCanal Gómez, M.q(Maximiliano)d1895-194495888413aEl convento de S.to Domingo en la isla de este nombre :bbreves apuntes sobre sus origenes y sobre la fundación y vicisitudes de su estudio general : (superiorum permissu) /cFr. M. Canal Gómez. a[Santo Domingo :bs.n.,c19--?]. a26 p. ;c22 cm. aInventariado, 2018/LP24aCONVENTO DE SANTO DOMINGO (REPÚBLICA DOMINICANA)958885 4aDominicoszRepública Dominicana92100 001050718RVaPDbPDcHDd2011-08-23iLF1l0o255.0097293 C212cp33276-10r2020-06-25w2020-06-25y1zPerteneció a la biblioteca personal de Julio Ortega FrierZNo se presta c32767d32767